| 000 | 00761aam a2200289 i 4500 | ||
|---|---|---|---|
| 001 | 768714001 | ||
| 003 | CO-MdFUSB | ||
| 005 | 20250829110418.0 | ||
| 007 | ta | ||
| 008 | 250829t1915 -us |||| |||| 00| 0 eng d | ||
| 040 | _cCO-MdFUSB | ||
| 041 | 0 | _aeng | |
| 082 | 0 | 4 |
_223 _a249 _bH289p |
| 100 | 1 |
_aHarney, Wiliam J. _eautor |
|
| 245 | 1 | 0 |
_aPraying clear through _c/ William J. Harney |
| 264 | 1 |
_bGod's Revivalist Press, _aCincinnati, Ohio, USA : _c[1915] |
|
| 264 | 4 | _c©1915 | |
| 300 | _a253 páginas | ||
| 336 |
_atexto _btxt _2rdacontent |
||
| 337 |
_2rdamedia _asin mediación _bn |
||
| 338 |
_2rdacarrier _avolumen _bnc |
||
| 563 | _aPasta dura | ||
| 650 | 0 |
_aVida cristiana _919 |
|
| 942 | _cBK | ||
| 945 | _aJTF-925 | ||
| 999 |
_c36321 _d36321 |
||